| 000 | 00530cam a22001457a 4500 | ||
|---|---|---|---|
| 999 |
_c508634 _d508634 |
||
| 008 | 180718b-- xxu||||| |||| 00| 0 eng d | ||
| 082 | _aL906x5411 C/F/2010-11/c.2 | ||
| 100 |
_aAssam. Comptroller and Auditor General of India _94085 |
||
| 245 | _aReport of the Comptroller and Auditor General of India on state finances, Assam, 2010-11 | ||
| 260 |
_aGuwahati _bComptroller and Auditor General of India _c2011 |
||
| 300 | _a131p. | ||
| 500 | _aLibrary has 2009/10-2010/11 | ||
| 650 |
_aAuditing - India - Assam _94086 |
||
| 942 | _2ddc | ||